000 00512nam a22001817a 4500
005 20150324115801.0
010 _aENG-112244
020 _c180.00
035 _aEN-95776
037 _bDBAD/PUB
082 _a488.007
245 _aB.Ed. :
_cby S.Mohanraj...[et al]
_bmethods of teaching English /
260 _aHyderabad
_bTelugu Akademi
_c2014
270 _aTelugu Akademi
_bHyderabad
_e500029
300 _a464p.
_b24cm(pbk)
700 _aMohanraj, S.
942 _2ddc
_cEN
_mBED
_h488.007
999 _c91935
_d91935